Added value in design and construction (Record no. 100674)

MARC details
000 -LEADER
fixed length control field 01192cam a22002415a 4500
001 - CONTROL NUMBER
control field L107278
008 - FIXED-LENGTH DATA ELEMENTS--GENERAL INFORMATION
fixed length control field 071122s2000 f 001 0 eng u
020 ## - INTERNATIONAL STANDARD BOOK NUMBER
International Standard Book Number 0582369118
035 ## - SYSTEM CONTROL NUMBER
System control number (Sirsi) u107278
050 ## - LIBRARY OF CONGRESS CALL NUMBER
Classification number 690.23 $2 18
100 ## - MAIN ENTRY--PERSONAL NAME
Personal name Ashworth, Allan
245 ## - TITLE STATEMENT
Title Added value in design and construction
260 ## - PUBLICATION, DISTRIBUTION, ETC.
Place of publication, distribution, etc. Harlow
Name of publisher, distributor, etc. Longman
Date of publication, distribution, etc. 2000
300 ## - PHYSICAL DESCRIPTION
Extent xiii,154p. ; 24cm.
350 ## - PRICE (NR) (BK AM CF MU VM SE) [OBSOLETE]
Price 20.99
505 2# - FORMATTED CONTENTS NOTE
Formatted contents note The nature of added value -- The shift from cost to value -- Design and construction -- Cost planning -- Life cycle costing -- Value management -- Partnering -- Benchmarking -- Procurement -- Risk management -- Taxation -- Change and innovation
520 ## - SUMMARY, ETC.
Summary, etc. Describes principles and techniques which can be used for adding value to the building construction process. Emphasises the need to provide more value while using less materials, energy and other resources. Aspects covered include design and construction, construction costing and planning, life cycle costing, value management, benchmarking, taxation and risk management.
650 ## - SUBJECT ADDED ENTRY--TOPICAL TERM
Topical term or geographic name entry element EGAN REFORMS
651 #4 - SUBJECT ADDED ENTRY--GEOGRAPHIC NAME
Geographic name United Kingdom
Chronological subdivision
690 ## - LOCAL SUBJECT ADDED ENTRY--TOPICAL TERM (OCLC, RLIN)
Topical term or geographic name as entry element BUILT ENVIRONMENT
700 ## - ADDED ENTRY--PERSONAL NAME
Personal name Hogg, Keith
942 ## - ADDED ENTRY ELEMENTS (KOHA)
Suppress in OPAC 0
Holdings
Withdrawn status Lost status Source of classification or shelving scheme Damaged status Not for loan Home library Current library Shelving location Date acquired Cost, normal purchase price Total Checkouts Full call number Barcode Date last seen Date last checked out Copy number Cost, replacement price Price effective from Koha item type
    Dewey Decimal Classification     London London Books 04/01/2008 71.00 9 690.23 ASH 30074544 06/08/2019 04/01/2010 4 71.00 06/08/2019 Book